Avances sobre la investigación en bioclimatología

שמור ב:
מידע ביבליוגרפי
מחבר ראשי: Blanco de Pablos, Aureliano (Author)
פורמט: ספר
שפה:ספרדית
יצא לאור: Madrid Consejo Superior de Investigaciones Científicas 1988
נושאים:
תגים: הוספת תג
אין תגיות, היה/י הראשונ/ה לתייג את הרשומה!

MARC

LEADER 00000nam a2200000 a 4500
001 UCI7439
003 CL-VaPUC
008 080703e19880000SP |||||||||||||||||spa|d
020 |a 8400067274 
082 0 4 |a 577.22  |b BLA  |2 21 
100 0 |a Blanco de Pablos, Aureliano  |e author  |9 530702 
245 1 0 |a Avances sobre la investigación en bioclimatología 
300 |a 505 p 
942 |c BK 
945 |d 20080703 00:00:00  |a rbrito 
260 |a Madrid  |b Consejo Superior de Investigaciones Científicas  |c 1988 
650 7 |a BIOCLIMATOLOGIA  |2 CL-VaPUC  |9 261834 
650 0 |a Climatología   |9 262302 
650 0 |a Precipitaciones   |9 357816 
650 0 |a Riego  |9 259685 
583 |a last modification  |c 20080703 00:00:00  |k Rodrigo Vera 
999 |c 330729  |d 330727 
952 |0 0  |1 0  |4 0  |6 577_220000000000000_BLA_1988  |7 0  |8 A  |9 416471  |a BIBING  |b BIBING  |d 2019-11-22  |i 4454944  |o 577.22 BLA 1988  |p 4454944  |r 2025-01-20  |w 2019-11-22  |y BK  |k GEO